00685 a2200229 4500020001800000020003200018040001300050082001600063082001600079100002400095245009400119246001900213250001100232260005400243300001600297490001700313600002400330600002400354700002200378710003400400740002100434 a969-8156-08-9 a969-8156-03-8 (hela verket) aDLCbDLC a954.9042092 a954.90420921 aJinnah, Mahomed Ali00aQuaid-I-Azam Mohammad Ali Jinnah papers.Vol. 4pPakistan at last : 26 July-14 August 194714aJinnah papers. a1. ed. aIslamabad :bNational Archives of Pakistan,c1999 alxx, 568 s.0 aFirst series14aJinnah, Mahomed Ali14aJinnah, Mahomed Ali1 aZaidi, Z. H.4oth2 aNational Archives of Pakistan0 aPakistan at last